000 00629nam a2200193 4500
005 20231130110024.0
010 _aENG-138525
020 _a9788195055944
_c1200.00
035 _aEN-122057
037 _bDBAD/PUB
082 _a950
_2First
100 _aBreman, Jan
_959214
245 _aGujrat, Cradle and Harbinger of Identity Politics:
_bIndia's Injuries Frame of Commualism/
_cBy Jan Breman and Ghanshyam Shah
250 _aFirst
260 _aNew Delhi
_bTulika Books
_c2022
270 _a44 (First Floor), Shahpur Jat
_bNew Delhi
_e110049
300 _a371p.
_c23cm(hbk)
942 _2ddc
_cEN
_h950
_mBRE
999 _c199323
_d199323